|
|
|
|
| LEADER |
01062nam a2200289 a 4500 |
| 001 |
27690 |
| 003 |
BD-DhAAL |
| 005 |
20230525140028.0 |
| 008 |
131023s1995 nyu 000 0 eng |
| 010 |
|
|
|a 95015383
|
| 020 |
|
|
|a 0679601759
|
| 040 |
|
|
|a DLC
|c DLC
|d DLC
|d BD-DhAAL
|
| 041 |
1 |
|
|a eng
|
| 050 |
0 |
0 |
|a B3313.A43
|b E5 1995
|
| 082 |
0 |
0 |
|a 193
|2 20
|
| 100 |
1 |
|
|a Nietzsche, Friedrich Wilhelm,
|d 1844-1900.
|9 3424
|
| 240 |
1 |
0 |
|a Also sprach Zarathustra.
|l English
|
| 245 |
1 |
0 |
|a Thus spoke Zarathustra :
|b a book for all and none /
|c translated and with a preface by Walter Kaufmann.
|
| 260 |
|
|
|a New York :
|b Modern Library,
|c 1995.
|
| 300 |
|
|
|a xxviii, 327 p. ;
|c 20 cm.
|
| 541 |
|
|
|e 27690
|
| 650 |
|
0 |
|a Superman (Philosophical concept)
|9 3425
|
| 650 |
|
0 |
|a Philosophy.
|9 3426
|
| 700 |
1 |
|
|a Kaufmann, Walter Arnold.
|9 3427
|
| 942 |
|
|
|2 ddc
|c BK
|0 1
|
| 999 |
|
|
|c 14061
|d 14061
|
| 952 |
|
|
|0 0
|1 0
|2 ddc
|4 0
|6 193_000000000000000_NIE
|7 0
|9 23607
|a BRACUL
|b BRACUL
|c GEN
|d 2013-10-23
|e Friends Book Corner
|g 1395.00
|l 14
|m 159
|o 193 NIE
|p 3010027690
|r 2026-03-29
|s 2026-02-01
|t 1
|w 2013-10-23
|y BK
|